| 000 | 00964nas a2200301 4500 | ||
|---|---|---|---|
| 001 | BR2014002662 | ||
| 003 | BR-BrBNA | ||
| 005 | 20231205124008.0 | ||
| 007 | ta | ||
| 008 | 230509b bl.|||p| |||| 00| 00por d | ||
| 040 |
_aBR-BrBNA _bpor _cBiblioteca Nacional de Agricultura |
||
| 041 | _a(Pt) | ||
| 072 | _aF06; Q70 | ||
| 100 | 1 | _aPorto, E.R. | |
| 100 | 1 | _aAmorim, M.C.C. de | |
| 100 | 1 | _aDutra, M.T. | |
| 100 | 1 | _aPaulino, R.V. | |
| 100 | 1 | _aBrito, L.T. de L. | |
| 100 | 1 | _aMatos, A.N.B. | |
| 245 | 1 | _aRendimento da Atriplex nummularia irrigada com efluentes da criação de tilápia em rejeito da dessalinização de água | |
| 650 | _aSALINIDADE | ||
| 650 | _aIRRIGAÇÃO | ||
| 650 | _aÁGUAS RESIDUAIS | ||
| 650 | _aRECICLAGEM | ||
| 773 | 0 |
_tRevista Brasileira de Engenharia Agrícola e Ambiental (Brazil) _xISSN 1415-4366 _g(Mar 2006), v. 10(1) p. 97-103 _wBR2014002662 |
|
| 909 |
_a202311 _bLúcia _c55 _dLúcia Elande |
||
| 942 |
_2AGRIS _n0 _cANA |
||
| 999 |
_c236806 _d236806 |
||